| 000 | 00512nam a2200205Ia 4500 | ||
|---|---|---|---|
| 008 | 170203s9999 xx 000 0 und d | ||
| 020 | _a9780439409223 | ||
| 050 | _a372.6 | ||
| 050 | _b.Sa215g 2004 | ||
| 100 | _aSanders, Nancy I. | ||
| 245 | _aGrammar manipulatives kids love! / | ||
| 245 | _cNancy I. Sanders. | ||
| 260 | _aUnited States : | ||
| 260 | _bScholastic Inc, | ||
| 260 | _c2004 | ||
| 300 | _billustrations ; | ||
| 300 | _c27 cm. | ||
| 650 | _aGrammar | ||
| 650 | _xJuvenile literature. | ||
| 999 |
_c305553 _d305553 |
||